|
|
|
|
| LEADER |
01852nam a2200433 i 4500 |
| 001 |
EBC4714204 |
| 003 |
MiAaPQ |
| 005 |
20200520144314.0 |
| 006 |
m o d | |
| 007 |
cr cnu|||||||| |
| 008 |
161227t20172017enka o 001 0 eng d |
| 020 |
|
|
|z 9780857087201
|
| 020 |
|
|
|a 9780857087225
|q (electronic bk.)
|
| 020 |
|
|
|a 9780857087249
|q (electronic bk.)
|
| 035 |
|
|
|a (MiAaPQ)EBC4714204
|
| 035 |
|
|
|a (Au-PeEL)EBL4714204
|
| 035 |
|
|
|a (CaPaEBR)ebr11279640
|
| 035 |
|
|
|a (CaONFJC)MIL961917
|
| 035 |
|
|
|a (OCoLC)960760732
|
| 040 |
|
|
|a MiAaPQ
|b eng
|e rda
|e pn
|c MiAaPQ
|d MiAaPQ
|
| 050 |
|
4 |
|a HF5718.22
|b .M344 2017
|
| 082 |
0 |
|
|a 658.452
|2 23
|
| 100 |
1 |
|
|a McGee, Paul,
|d 1964-
|e author.
|
| 245 |
1 |
0 |
|a How to speak so people really listen :
|b the straight-talking guide to communicating with influence and impact /
|c Paul McGee.
|
| 264 |
|
1 |
|a Chichester, West Sussex, England :
|b Capstone,
|c 2017.
|
| 264 |
|
4 |
|c 2017
|
| 300 |
|
|
|a 1 online resource (142 pages) :
|b illustrations
|
| 336 |
|
|
|a text
|2 rdacontent
|
| 337 |
|
|
|a computer
|2 rdamedia
|
| 338 |
|
|
|a online resource
|2 rdacarrier
|
| 500 |
|
|
|a Includes index.
|
| 588 |
|
|
|a Description based on print version record.
|
| 590 |
|
|
|a Electronic reproduction. Ann Arbor, MI : ProQuest, 2016. Available via World Wide Web. Access may be limited to ProQuest affiliated libraries.
|
| 650 |
|
0 |
|a Business presentations.
|
| 650 |
|
0 |
|a Business communication.
|
| 655 |
|
4 |
|a Electronic books.
|
| 776 |
0 |
8 |
|i Print version:
|a McGee, Paul, 1964-
|t How to speak so people really listen : the straight-talking guide to communicating with influence and impact.
|d Chichester, West Sussex, England : Capstone, c2017
|h approximately 142 pages
|z 9780857087201
|w 2016029290
|
| 797 |
2 |
|
|a ProQuest (Firm)
|
| 856 |
4 |
0 |
|u https://ebookcentral.proquest.com/lib/matrademy/detail.action?docID=4714204
|z Click to View
|